Poissons #2 - Mort subite - Statistiques

Statistiques générales
  • Ce quiz a été pris 1 093 fois
  • Le résultat moyen est 5 sur 16
Answers on the Grid
Answers color-coded by a green-red scale on the quiz's grid according to % correct below.
Ide
Ode
Bar
Capitaine
Carassin
Congre
Eglefin
Aigrefin
Epinoche
Epinette
Hippocampe
Hotu
Hito
Julienne
Maigre
Maigrefin
Requin
Dauphin
Hippolyte
Vieille
Turbot
Saint-pierre
Saint-jacques
Diesel
Carne
Bique
Jérômine
Raide
Plie
Pile
Cancre
Carabin
 
Statistiques - réponses
Réponse % Correct
Bar
66%
Requin
56%
Turbot
51%
Congre
39%
Saint-pierre
39%
Eglefin
31%
Hippocampe
31%
Maigre
25%
Vieille
25%
Carassin
24%
Plie
19%
Epinoche
18%
Capitaine
17%
Julienne
16%
Ide
14%
Hotu
8%
Aucun quiz correspondant
Distribution des résultats
% des personnes avec chaque résultat
Percentile par nombre de réponses
Votre historique - résultats
Vous n’avez pas pris ce quiz